000 01016cam a22003137a 4500
003 CHAP
005 20220817042340.0
008 971013s1985 r 00010 d
010 _a41668
011 _a42640
035 _a46769
040 _cCHAP
082 _a631
_bM8
100 0 0 _aMurcia, Héctor.
_979729
245 0 _aAssociative farm management
_c/por Héctor Murcia
260 _aSan José, C.R. :
_bInstituto Interamericano de Ciencias Agrícolas,
_c1985
300 _a246 p.
490 0 _aSerie Libros y Materiales Educativos
_v; 61
590 _aBATCH-UPD
_b10
_c20130110
_lUCH01
_h2037
590 _aBATCH-UPD
_b10
_c20130410
_lUCH01
_h1352
590 _aBATCH-UPD
_b10
_c20130914
_lUCH01
_h1304
590 _aCONVERSION
_b10
_c20130109
_lUCH01
_h1323
650 1 4 _aEmpresas agropecuarias.
_936649
830 0 _aSerie : libros y materiales educativos
_v; 61
901 _aBK
905 _aAlejandra Carrasco M.
942 _cLIBRO
949 _a631 M8
_bBC
_cLIBRO
_d33724000127494
_eLIBRO
_h73154
_i46769
_sb
999 _c41668
_d41668